| 000 | 00440nam a2200181Ia 4500 | ||
|---|---|---|---|
| 001 | 1832 | ||
| 005 | 20260306143757.0 | ||
| 008 | 260306t2002||||xx |||||||||||||| ||spa|| | ||
| 041 | _aESP | ||
| 082 |
_a155.6718 _bV77 V. 2 |
||
| 100 |
_aFernández-Ballesteros, Rocío (Dir.) _eAUT |
||
| 245 | 0 | _aCuide su cuerpo | |
| 260 | _c2002 | ||
| 300 |
_a190 páginas : _c23 x 16 cm. |
||
| 650 | _aGEN | ||
| 654 | _aCPS | ||
| 942 |
_cLIB _dJUS _fJUS _2ddc _n |
||
| 999 |
_c1832 _d1832 |
||